| 000 | 01255nam a2200253 a 4500 | ||
|---|---|---|---|
| 001 | BRCA_4589 | ||
| 005 | 20190320204728.0 | ||
| 008 | 240910s189u----gw-a######---#000-0#ger-# | ||
| 041 | _ager | ||
| 044 | _agw | ||
| 050 | 4 |
_aNK1175 _b.S64 1890 |
|
| 100 | 1 |
_aSpeltz, Alexandre _911612 |
|
| 245 | 1 | 0 |
_aLes Styles de l´Ornament _bDepuis les temps préhistoriques jusqu´au milieu du XIXième siècle _cpar Alexander Speltz. |
| 260 |
_aLeipzig, Alemania _bA. Schumann´s _c[189?] |
||
| 300 |
_avi, 668 p. _bil. _c23 cm. |
||
| 500 | _aIncluye tabla de materias, lista de obras más utilizadas y tabla alfabética de cifras de los materiales y temas, ademas de una colección de 3,500 ejemplares citados en orden cronológico y acompañados de un texto explicativo sobre la historia de cada época en cuanto al uso de los arquitectos, decoradores, los industriales y los amantes del arte | ||
| 500 | _aEstado físico: encuadernación deteriorada y hojas desprendidas al inicio | ||
| 500 | _aEdición francesa de acuerdo a la segunda edición alemana por Georges Lechevallier-Chevignard | ||
| 500 | _aD24 | ||
| 650 | 1 | 4 |
_aDecoración y ornamentación _xHistoria _91924 |
| 700 | 1 |
_aLechevallier-Chevignard, Georges _911613 |
|
| 902 | _aGFM | ||
| 942 |
_2lcc _cB |
||
| 999 |
_c4294 _d4294 |
||